President Trophy Winners - Statistics

General Stats
  • This quiz has been taken 11 times
  • The average score is 32 of 37
Answer Stats
Year Team % Correct
2021 Avalanche
100%
2001 Avalanche
100%
1997 Avalanche
100%
2013 Blackhawks
100%
1991 Blackhawks
100%
2023 Bruins
100%
2020 Bruins
100%
2014 Bruins
100%
1990 Bruins
100%
2019 Lightning
100%
2000 Blues
88%
2012 Canucks
88%
2011 Canucks
88%
2017 Capitals
88%
2016 Capitals
88%
2010 Capitals
88%
2022 Panthers
88%
1993 Penguins
88%
2008 Red Wings
88%
2006 Red Wings
88%
2004 Red Wings
88%
2002 Red Wings
88%
1996 Red Wings
88%
1995 Red Wings
88%
1999 Stars
88%
1998 Stars
88%
1989 Flames
75%
1988 Flames
75%
1987 Oilers
75%
1986 Oilers
75%
2018 Predators
75%
2015 Rangers
75%
1994 Rangers
75%
1992 Rangers
75%
2007 Sabres
75%
2003 Senators
75%
2009 Sharks
75%
No matching quizzes found
Score Distribution
Percent of People with Each Score
Percentile by Number Answered
Your Score History
You have not taken this quiz